Plotinus' theory of matter-evil and the question of substance: plato, aristotle, and alexander of /
Guardado en:
| Autor Principal: | |
|---|---|
| Formato: | Libro |
| Publicado: |
Leuven :
Peeters,
1995
|
| Materias: | |
| Etiquetas: |
Agregar Etiqueta
Sin Etiquetas, Sea el primero en etiquetar este registro!
|
| LEADER | 00607nam a22001935a 4500 | ||
|---|---|---|---|
| 001 | EHU.bham024166 | ||
| 003 | AR-BHAM | ||
| 005 | 20130507135515.0 | ||
| 008 | 130507s1995##################000#0#####d | ||
| 082 | 1 | 8 | |a 186.01 |
| 100 | 1 | |a Corrigan , Kevin | |
| 245 | 1 | 0 | |a Plotinus' theory of matter-evil and the question of substance: plato, aristotle, and alexander of / |c Kevin Corrigan |
| 260 | |a Leuven : |b Peeters, |c 1995 | ||
| 300 | |a 484 p. | ||
| 500 | |a Ejemplar Fotocopiado | ||
| 653 | |a Plotino | ||
| 653 | |a Aristoteles-estudio | ||
| 653 | |a Platon | ||
| 859 | |a AR-BHAM |b BIB. HUMANIDADES - General |h 186.01 |i C662 |p 684.01 |t Ej.1 | ||
